| 000 | 00624nam a2200253Ia 4500 | ||
|---|---|---|---|
| 003 | OSt | ||
| 005 | 20221005123139.0 | ||
| 006 | a|||||r|||| 00| 0 | ||
| 007 | ta | ||
| 008 | 221004b |||||||| |||| 00| 0 guj d | ||
| 024 | _a40768 | ||
| 037 | _cTextual | ||
| 040 |
_aCRL _cCRL _bguj |
||
| 041 |
_2guj _aguj |
||
| 082 | _aR65,6, 156J2 | ||
| 100 |
_aTrivedi Vidyaram Tr. _9633217 |
||
| 245 | 0 | _aKrishan gita | |
| 260 | _c1952 | ||
| 300 |
_a72p. _ccm. |
||
| 650 | _a PHILOSOPHY | ||
| 650 | _aBHAGAVAD GITA | ||
| 942 |
_hR65,6, 156J2 _cTEXL _2cc |
||
| 999 |
_c1046527 _d1046527 |
||